000 01208nam a2200313 a 4500
001 1301
003 BR-CuiBMT
005 20231208001434.0
008 231204s2010 dfba 001 0 por d
020 _a9788570183095
040 _aBR-CuiBMT
_cBR-CuiBMT
080 _a910.2
_x(81)
_22007
090 _a910.2(81)
_bR781n
100 1 _aRoosevelt, Theodore,
_d1858-1919
240 1 0 _aThrough the brazilian wilderness
_lPortuguês
245 1 0 _aNas selvas do Brasil :
_bviagem ao Brasil selvagem /
_cTheodore Roosevelt ; tradução, Luís Guimarães Júnior ; ilustrado com fotografias tiradas por Kermit Roosevelt e outros membros da expedição.
260 _aBrasília :
_bSenado Federal,
_c2010.
300 _a363 p. :
_bil. ;
_c23 cm
490 1 _aEdições do Senado Federal ;
_vv. 141
500 _aTradução de: Through the brazilian wilderness.
504 _aInclui índice.
611 2 4 _2Expedição Científica Roosevelt - Rondon
650 _aZoologia
_zBrasil
650 _aExpedição exploradora
_zBrasil
651 _aRoosevelt, Rio
_xDescrições e viagens
710 1 _aBrasil.
_bCongresso Nacional.
_bSenado Federal.
830 0 _aEdições do Senado Federal ;
_v141
942 _2udc
_cLV
999 _c1301
_d1301